Fúzie a akvizície v prvom polroku

V druhom štvrťroku bolo realizovaných 6 168 fúzií a akvizícií. Celkovo v tejto oblasti viedli Spojené štáty americké, z hľadiska dolárovej hodnoty, nasledované Čínou a Japonskom. Cieľové spoločnosti mali sídlo v Spojených štátoch amerických. Druhou krajinou bola Veľká Británia nasledovaná Čínou.

Uložené v:
Podrobná bibliografia
Hlavný autor: Kmeťko, Miroslav, 1969-
Médium: Kapitola
Jazyk:Slovak
Predmet:
Tagy: Pridať tag
Žiadne tagy, Buďte prvý, kto otaguje tento záznam!

MARC

LEADER 00000nla a2200000 4500
001 0159714
005 20240502072752.2
041 0 |a slo 
044 |a SK 
245 1 0 |a Fúzie a akvizície v prvom polroku  |c Miroslav Kmeťko 
520 |a V druhom štvrťroku bolo realizovaných 6 168 fúzií a akvizícií. Celkovo v tejto oblasti viedli Spojené štáty americké, z hľadiska dolárovej hodnoty, nasledované Čínou a Japonskom. Cieľové spoločnosti mali sídlo v Spojených štátoch amerických. Druhou krajinou bola Veľká Británia nasledovaná Čínou. 
610 2 0 |a fúzie 
610 2 0 |a akvizícia 
610 2 0 |a svet 
610 2 0 |a hodnota 
100 1 |a Kmeťko, Miroslav, 1969-